000 00531nam a2200193 a 4500
001 1773825107081
003 YourLibrary
005 20260318144534.0
008 260318s2002##################000#0#eng##
020 _a9781840648591
082 0 4 _a338.064FAG
100 1 _aFagerberg, Jan,
_eauthor.
245 1 0 _aTechnology, Growth and Competitiveness :
260 _bEdward Elgar Publishing,
_c2002.
300 _a332 pages
650 0 _aBiography & Autobiography.
942 _cENGLISH
040 _aYourLibrary
_beng
_cYourLibrary
999 _c617835
_d617835